| 000 | 00557nam a22001817a 4500 | ||
|---|---|---|---|
| 999 |
_c163839 _d163839 |
||
| 005 | 20190502100834.0 | ||
| 010 | _aENG-125128 | ||
| 020 |
_a9789384061609 _c299.00 |
||
| 035 | _aEN-108660 | ||
| 037 | _bDBAD/PUB | ||
| 082 | _a336.42 | ||
| 100 | _aFernandes, Steve | ||
| 245 |
_aThere's always a financial solution : _band it always starts with a good financial plan / _cby Steven Fernandes |
||
| 260 |
_aMumbai _bTV 18 Broadcast _c2016 |
||
| 270 | _aTV 18 Broadcast Ltd. | ||
| 300 |
_a135p. _c21cm(Hb) |
||
| 942 |
_2ddc _cEN _h336.42 _mFER |
||